[Event "IX Festival A"]
[Site "Trieste ITA"]
[Date "2007.09.08"]
[Round "9"]
[White "Aroven, Mikael"]
[Black "Elias, Leonardo"]
[Result "1/2-1/2"]
[WhiteElo "2169"]
[BlackElo "2122"]
[PlyCount "117"]
[EventDate "2007.09.01"]

1. c4 Nf6 2. Nf3 d6 3. g3 Nbd7 4. Bg2 e5 5. d4 Be7 6. Nc3 O-O 7. O-O Re8 8. b3
c6 9. Bb2 Qc7 10. Qc2 Bf8 11. dxe5 dxe5 12. Nd2 a5 13. a3 Nc5 14. b4 axb4 15.
axb4 Rxa1 16. Rxa1 Ne6 17. c5 Nd4 18. Qa4 b6 19. e3 Nb5 20. cxb6 Qxb6 21. Nc4
Qc7 22. Rc1 Bd7 23. Na5 Nxc3 24. Rxc3 Nd5 25. Rc1 Nxb4 26. Nxc6 Nd3 27. Qc2
Bxc6 28. Qxd3 Qd7 29. Qxd7 Bxd7 30. Rc7 Bf5 31. Bd5 Bg6 32. Kg2 Rd8 33. e4 Bd6
34. Ra7 Kf8 35. g4 f6 36. h4 Be8 37. Be6 Rb8 38. Bc3 Bc5 39. Ra5 Bb4 40. Ra8
Bxc3 41. Rxb8 Ke7 42. Bd5 Bd7 43. Kf3 h5 44. g5 fxg5 45. hxg5 Bd2 46. Rg8 Bg4+
47. Kg3 Bxg5 48. Rxg7+ Kf6 49. Rc7 Bf4+ 50. Kg2 h4 51. f3 h3+ 52. Kf2 Bh5 53.
Rb7 h2 54. Rb1 Kg5 55. Be6 Kh4 56. Kg2 Be3 57. Bg4 Bxg4 58. fxg4 Kxg4 59. Kxh2
1/2-1/2

[Event "IX Festival A"]
[Site "Trieste ITA"]
[Date "2007.09.08"]
[Round "9"]
[White "Bosiocic, Marin"]
[Black "Barletta, Mauro"]
[Result "1-0"]
[WhiteElo "2496"]
[BlackElo "2257"]
[PlyCount "121"]
[EventDate "2007.09.01"]

1. e4 e5 2. Nf3 Nf6 3. Nxe5 d6 4. Nf3 Nxe4 5. d4 d5 6. Bd3 Bd6 7. O-O O-O 8. c4
c6 9. Qc2 Na6 10. a3 f5 11. Nc3 Nc7 12. b4 Kh8 13. Bb2 Qf6 14. c5 Be7 15. Ne5
Ne6 16. Ne2 Nd8 17. f3 Ng5 18. Bc1 g6 19. Be3 Qg7 20. Qd2 Ngf7 21. f4 Nxe5 22.
dxe5 Ne6 23. Nd4 Nxd4 24. Bxd4 Be6 25. g3 g5 26. Kh1 Rf7 27. Rf2 gxf4 28. gxf4
Rg8 29. Rg2 Qxg2+ 30. Qxg2 Rxg2 31. Kxg2 Rg7+ 32. Kf3 Rg4 33. Bf2 Rg8 34. a4
Rc8 35. Rg1 a6 36. Bd4 Rf8 37. b5 axb5 38. axb5 cxb5 39. Rb1 Rc8 40. Rxb5 Kg8
41. Rxb7 Bxc5 42. Bxc5 Rxc5 43. Ke3 Rc1 44. Re7 Rc6 45. Kd4 Bf7 46. Bxf5 Rc4+
47. Ke3 Bg6 48. Bxg6 hxg6 49. Rd7 Rc2 50. e6 Kf8 51. h4 Rh2 52. Rh7 Rh1 53. Kd4
Kg8 54. Rd7 Kf8 55. Ke5 Rxh4 56. Kd6 Rxf4 57. Rd8+ Kg7 58. e7 Re4 59. e8=Q Rxe8
60. Rxe8 d4 61. Ke5 1-0

[Event "IX Festival A"]
[Site "Trieste ITA"]
[Date "2007.09.08"]
[Round "9"]
[White "Capaliku, Aleks"]
[Black "Tonel, Giulia"]
[Result "0-1"]
[WhiteElo "2112"]
[BlackElo "1934"]
[PlyCount "36"]
[EventDate "2007.09.01"]

1. f4 e5 2. fxe5 Nc6 3. Nf3 g5 4. d4 g4 5. Ng5 d5 6. exd6 Bxd6 7. c3 Nf6 8. e4
h6 9. e5 Bxe5 10. Nxf7 Kxf7 11. Qb3+ Kg7 12. dxe5 Re8 13. Be2 Rxe5 14. Bf4 Re4
15. g3 Be6 16. Qd1 Bc4 17. O-O Rxe2 18. Qxd8 Rxd8 0-1

[Event "IX Festival A"]
[Site "Trieste ITA"]
[Date "2007.09.08"]
[Round "9"]
[White "Drazic, Sinisa"]
[Black "Efimov, Igor"]
[Result "1-0"]
[WhiteElo "2480"]
[BlackElo "2426"]
[PlyCount "89"]
[EventDate "2007.09.01"]

1. d4 Nf6 2. Nf3 g6 3. c4 Bg7 4. Nc3 O-O 5. e4 d6 6. Be2 Na6 7. O-O Qe8 8. h3
e5 9. dxe5 dxe5 10. Be3 b6 11. a3 Bb7 12. Qc2 Nh5 13. c5 Nf4 14. b4 Qe6 15. Nd5
Nxe2+ 16. Qxe2 c6 17. Nc3 bxc5 18. bxc5 Nc7 19. Rfd1 Ba6 20. Qc2 Qc4 21. Nd2
Qd3 22. Qxd3 Bxd3 23. Nb3 Bc2 24. Rd7 Nb5 25. Nxb5 cxb5 26. Na5 Bxe4 27. c6
Rfc8 28. Rad1 Bf8 29. c7 Kg7 30. f3 Bc2 31. R1d5 Bxa3 32. Nc6 Bf5 33. Nxa7 Bxd7
34. Rxd7 Rxa7 35. Bxa7 b4 36. Bc5 Bc1 37. Bxb4 Be3+ 38. Kf1 Bb6 39. Bc3 Kf8 40.
Bb4+ Kg7 41. Bd6 Kf6 42. Re7 Bd4 43. Ke2 h5 44. Kd3 Kf5 45. Rxf7+ 1-0

[Event "IX Festival A"]
[Site "Trieste ITA"]
[Date "2007.09.08"]
[Round "9"]
[White "Hendriks, Willy"]
[Black "Borisek, Jure"]
[Result "1/2-1/2"]
[WhiteElo "2420"]
[BlackElo "2506"]
[PlyCount "81"]
[EventDate "2007.09.01"]

1. e4 c5 2. Nf3 d6 3. Bb5+ Nd7 4. d4 Ngf6 5. O-O a6 6. Bxd7+ Nxd7 7. Nc3 e6 8.
Bg5 f6 9. Bh4 Be7 10. Bg3 b5 11. dxc5 dxc5 12. a4 b4 13. Nb1 a5 14. c4 Bb7 15.
Nbd2 O-O 16. Qe2 Qb6 17. b3 Rf7 18. Rad1 Nf8 19. Rfe1 g5 20. Qe3 Ng6 21. h4 g4
22. h5 gxf3 23. hxg6 hxg6 24. Nxf3 e5 25. Qh6 Rg7 26. Rd7 Qc6 27. Qd2 Bc8 28.
Qd5+ Qxd5 29. Rxd5 Bb7 30. Nd2 Bxd5 31. cxd5 c4 32. Nxc4 Bc5 33. Kf1 Rh7 34.
Ke2 Rh5 35. Rc1 Bd4 36. Nd6 f5 37. Nb5 Bc3 38. exf5 gxf5 39. Nxc3 f4 40. Ne4
Kf8 41. Bxf4 1/2-1/2

[Event "IX Festival A"]
[Site "Trieste ITA"]
[Date "2007.09.08"]
[Round "9"]
[White "Hilmer, Frank"]
[Black "Heikkila, Antti"]
[Result "1-0"]
[WhiteElo "2221"]
[BlackElo "2071"]
[PlyCount "59"]
[EventDate "2007.09.01"]

1. d4 g6 2. c4 Bg7 3. e4 c5 4. Nf3 cxd4 5. Nxd4 Nc6 6. Be3 Nf6 7. Nc3 O-O 8.
Be2 d6 9. O-O Bd7 10. Qd2 Nxd4 11. Bxd4 Bc6 12. f3 Nd7 13. Bxg7 Kxg7 14. Nd5
Bxd5 15. exd5 Qb6+ 16. Kh1 a5 17. Rae1 Rac8 18. f4 Rc7 19. Bd3 Re8 20. Re3 Qc5
21. f5 f6 22. fxg6 hxg6 23. Rh3 Rg8 24. Qh6+ Kf7 25. Qh7+ Kf8 26. Bxg6 Ne5 27.
Qh6+ Rg7 28. Rg3 Nxg6 29. Rxg6 e6 30. Qh8+ 1-0

[Event "IX Festival A"]
[Site "Trieste ITA"]
[Date "2007.09.08"]
[Round "9"]
[White "Jeran, Bostjan"]
[Black "Panican, Gheorghe"]
[Result "1-0"]
[WhiteElo "2153"]
[BlackElo "2106"]
[PlyCount "115"]
[EventDate "2007.09.01"]

1. e4 c5 2. Nf3 d6 3. d4 cxd4 4. Nxd4 Nf6 5. Nc3 a6 6. Be3 e5 7. Nb3 Be7 8. f3
Be6 9. g4 h6 10. Qe2 b5 11. O-O-O Nbd7 12. Qf2 b4 13. Nd5 Bxd5 14. exd5 a5 15.
Kb1 a4 16. Nc1 Qa5 17. Bc4 Rc8 18. b3 axb3 19. cxb3 Bd8 20. Ne2 Nb6 21. Bxb6
Bxb6 22. Qg2 Nd7 23. Ng3 Bc5 24. Qe2 Kd8 25. h4 Rb8 26. h5 Nb6 27. Nf5 Nxc4 28.
Qxc4 Rg8 29. Rh2 f6 30. Qe4 Qa7 31. Rc2 Rc8 32. Rdc1 Ra8 33. Ng3 Re8 34. Qf5
Re7 35. Ne4 Rc7 36. Qe6 Re7 37. Nxc5 Rxe6 38. Nxe6+ Ke8 39. Nc7+ Kd8 40. Ne6+
Ke8 41. Nc7+ Kd8 42. Nxa8 Qxa8 43. Rc6 Qb8 44. R1c4 f5 45. a3 bxa3 46. Rc8+
Qxc8 47. Rxc8+ Kxc8 48. gxf5 Kb7 49. Ka2 Kb6 50. b4 Kb5 51. Kxa3 Kc4 52. Ka4
Kxd5 53. b5 Kc5 54. Ka5 d5 55. b6 Kc6 56. Ka6 e4 57. fxe4 dxe4 58. b7 1-0

[Event "IX Festival A"]
[Site "Trieste ITA"]
[Date "2007.09.08"]
[Round "9"]
[White "Miele, Roberto"]
[Black "Plani, Andrea"]
[Result "1-0"]
[WhiteElo "1900"]
[BlackElo "1906"]
[PlyCount "31"]
[EventDate "2007.09.01"]

1. e4 Nc6 2. Nf3 e5 3. d4 exd4 4. Bc4 Nf6 5. O-O d5 6. exd5 Nxd5 7. Ng5 Bf5 8.
Qf3 Nce7 9. Re1 Be6 10. Rxe6 fxe6 11. Qf7+ Kd7 12. Qxe6+ Ke8 13. Qf7+ Kd7 14.
Bxd5 Kc8 15. Bf3 Kb8 16. Qb3 1-0

[Event "IX Festival A"]
[Site "Trieste ITA"]
[Date "2007.09.08"]
[Round "9"]
[White "Milazzo, Mario"]
[Black "Tocchioni, Doriano"]
[Result "0-1"]
[WhiteElo "1971"]
[BlackElo "2261"]
[PlyCount "46"]
[EventDate "2007.09.01"]

1. f4 d5 2. Nf3 Bg4 3. g3 Bxf3 4. exf3 h5 5. d4 e6 6. Be3 Nd7 7. Nd2 Ne7 8. Nb3
Nf5 9. Bf2 Qf6 10. Qd2 c5 11. O-O-O c4 12. Nc5 Nd6 13. h4 b6 14. Nxd7 Kxd7 15.
Be3 a5 16. Bh3 g6 17. f5 gxf5 18. Bf4 Bh6 19. Bg5 Qg6 20. Bg2 Rag8 21. Kb1 Bxg5
22. hxg5 Qxg5 23. Qc3 Qxg3 0-1

[Event "IX Festival A"]
[Site "Trieste ITA"]
[Date "2007.09.08"]
[Round "9"]
[White "Riondino, Michele"]
[Black "Marzano, Carlo"]
[Result "0-1"]
[WhiteElo "1991"]
[BlackElo "2230"]
[PlyCount "66"]
[EventDate "2007.09.01"]

1. Nf3 Nc6 2. g3 e5 3. Nc3 d5 4. e4 dxe4 5. Nxe4 f5 6. Nc3 e4 7. Nh4 Nf6 8. d3
Bc5 9. Be2 O-O 10. O-O Qe7 11. Ng2 Be6 12. Be3 Rad8 13. Qe1 Nb4 14. Bxc5 Qxc5
15. Rc1 Rfe8 16. a3 Nxc2 17. Rxc2 exd3 18. Bxd3 Rxd3 19. Nf4 Rd6 20. Re2 Bf7
21. Rxe8+ Bxe8 22. Qe7 Bf7 23. Rc1 Rc6 24. Qd8+ Qf8 25. Qd3 g6 26. Re1 Rd6 27.
Qe3 a6 28. Qc5 Rd7 29. Qe5 Ng4 30. Qe2 Qc5 31. h3 Re7 32. Qd2 Ne5 33. Qd8+ Re8
0-1

[Event "IX Festival A"]
[Site "Trieste ITA"]
[Date "2007.09.08"]
[Round "9"]
[White "Schlosser, Philipp"]
[Black "Brunello, Sabino"]
[Result "0-1"]
[WhiteElo "2562"]
[BlackElo "2475"]
[PlyCount "50"]
[EventDate "2007.09.01"]

1. Nf3 Nf6 2. c4 e6 3. g3 b6 4. Bg2 Bb7 5. d4 Be7 6. O-O O-O 7. Re1 Na6 8. Ne5
Bxg2 9. Kxg2 c5 10. d5 d6 11. Nc6 Qd7 12. e4 Rfe8 13. Nc3 h6 14. Qf3 Nb4 15.
Nxb4 cxb4 16. dxe6 fxe6 17. Ne2 Rac8 18. b3 e5 19. Qd3 b5 20. cxb5 Qb7 21. f3
d5 22. exd5 Red8 23. Bb2 Rxd5 24. Qf5 e4 25. Be5 Rxe5 0-1

[Event "IX Festival A"]
[Site "Trieste ITA"]
[Date "2007.09.08"]
[Round "9"]
[White "Stock, Lara"]
[Black "Baklan, Vladimir"]
[Result "0-1"]
[WhiteElo "2297"]
[BlackElo "2648"]
[PlyCount "134"]
[EventDate "2007.09.01"]

1. e4 c5 2. Nf3 Nc6 3. d4 cxd4 4. Nxd4 Nf6 5. Nc3 d6 6. Be2 e5 7. Nf3 h6 8. O-O
Be7 9. Qd3 Be6 10. Rd1 O-O 11. a3 a6 12. Be3 Rc8 13. Rac1 Na5 14. Nd2 Bc4 15.
Nxc4 Nxc4 16. Rb1 b5 17. Bc1 Nb6 18. Qg3 Kh8 19. Qf3 Qd7 20. Be3 Nc4 21. Rd3
Nxe3 22. Qxe3 Rc6 23. Rbd1 Rb8 24. Qf3 Qc7 25. Bf1 Bf8 26. Re3 Rc5 27. Be2 Rc8
28. Qf5 Qb7 29. Rh3 Nh7 30. Bd3 g6 31. Qg4 h5 32. Qf3 Qe7 33. Qe3 Nf6 34. Be2
Kg8 35. Rg3 Bg7 36. Qd3 Rd8 37. Rf3 Qe6 38. Qd2 Rd7 39. Rd3 Bf8 40. Bf1 Rdc7
41. f3 Rc8 42. Qe3 Qd7 43. Qg5 Be7 44. Qe3 Qb7 45. Be2 b4 46. axb4 Qxb4 47. Rb1
a5 48. Qc1 Qb7 49. Qe3 d5 50. exd5 Nxd5 51. Nxd5 Rxd5 52. Qe4 Qb6+ 53. Kh1 Rb5
54. b3 Rxc2 55. Rd8+ Bxd8 56. Qxc2 Rd5 57. Rd1 Rxd1+ 58. Qxd1 Kg7 59. Bc4 Qe3
60. Qe2 Qc5 61. h3 Bb6 62. Qe1 a4 63. Bd3 axb3 64. Kh2 b2 65. Bb1 Kg8 66. h4
Qc1 67. Qe4 Bf2 0-1

[Event "XII Festival A"]
[Site "Cesenatico ITA"]
[Date "2007.09.01"]
[Round "1"]
[White "Cadelli, Luciano"]
[Black "Skembris, Spyridon"]
[Result "0-1"]
[WhiteElo "2087"]
[BlackElo "2465"]
[PlyCount "48"]
[EventDate "2007.09.01"]

1. d4 Nf6 2. c4 e6 3. Nc3 Bb4 4. Qc2 O-O 5. Nf3 c5 6. e3 Nc6 7. a3 Bxc3+ 8.
Qxc3 Ne4 9. Qc2 Qa5+ 10. Bd2 Nxd2 11. Qxd2 Qxd2+ 12. Kxd2 b6 13. Kc3 Bb7 14.
Be2 cxd4+ 15. exd4 Rac8 16. b3 Ne7 17. Kb2 d5 18. Rac1 dxc4 19. bxc4 Rfd8 20.
Rhd1 Nf5 21. Kc3 Nd6 22. Bd3 Nb5+ 23. Kb2 Bxf3 24. gxf3 Nxd4 0-1

[Event "XII Festival A"]
[Site "Cesenatico ITA"]
[Date "2007.09.01"]
[Round "1"]
[White "Emami, Madjid"]
[Black "Ortega, Lexy"]
[Result "0-1"]
[WhiteElo "2071"]
[BlackElo "2435"]
[PlyCount "46"]
[EventDate "2007.09.01"]

1. Nf3 c5 2. g3 Nc6 3. Bg2 g6 4. O-O Bg7 5. d3 e5 6. e4 Nge7 7. c3 d5 8. a3 a5
9. a4 O-O 10. Nbd2 h6 11. Qc2 Be6 12. Re1 Qc7 13. exd5 Nxd5 14. Nc4 Rad8 15.
Nfd2 Rfe8 16. Qb3 f5 17. Qb5 Bf8 18. Ra3 Ncb4 19. cxb4 axb4 20. Ra2 e4 21. Bxe4
fxe4 22. Nxe4 Qf7 23. Be3 Bg4 0-1

[Event "XII Festival A"]
[Site "Cesenatico ITA"]
[Date "2007.09.01"]
[Round "1"]
[White "Fongarolli, Diego"]
[Black "Andonov, Bogomil"]
[Result "0-1"]
[WhiteElo "2057"]
[BlackElo "2383"]
[PlyCount "58"]
[EventDate "2007.09.01"]

1. e4 c5 2. Nf3 Nc6 3. d4 cxd4 4. Nxd4 Qc7 5. Nc3 e6 6. a3 Nf6 7. f4 d6 8. Be2
a6 9. Bf3 Be7 10. Nb3 b5 11. Be3 Bb7 12. O-O Nd7 13. Qe2 Bf6 14. Rad1 Bxc3 15.
bxc3 Nb6 16. e5 dxe5 17. fxe5 Na4 18. Qf2 Nxe5 19. Bxb7 Qxb7 20. Nc5 Nxc5 21.
Bxc5 Ng6 22. Rd2 f6 23. Rfd1 Ne5 24. Rd6 Qc8 25. R6d2 Kf7 26. Re2 Nc4 27. Rde1
e5 28. Kh1 Qc6 29. Rd1 Rhd8 0-1

[Event "XII Festival A"]
[Site "Cesenatico ITA"]
[Date "2007.09.01"]
[Round "1"]
[White "Hiermann, Dietmar"]
[Black "Recker, Uwe"]
[Result "1-0"]
[WhiteElo "2278"]
[BlackElo "1977"]
[PlyCount "49"]
[EventDate "2007.09.01"]

1. e4 g6 2. d4 Bg7 3. Nc3 d6 4. Be3 Nf6 5. f3 O-O 6. g4 e5 7. Nge2 Nc6 8. d5
Ne7 9. Qd2 c6 10. g5 Ne8 11. O-O-O cxd5 12. Nxd5 Nxd5 13. exd5 Bf5 14. Ng3 Bd7
15. h4 Rc8 16. h5 Qc7 17. Bd3 f6 18. gxf6 Rxf6 19. hxg6 hxg6 20. Qh2 Kf7 21.
Bg5 Qb6 22. Bxf6 Nxf6 23. Qg1 Qb4 24. Ne4 Bf5 25. a3 1-0

[Event "XII Festival A"]
[Site "Cesenatico ITA"]
[Date "2007.09.01"]
[Round "1"]
[White "Klocker, Benedikt"]
[Black "Rausis, Igors"]
[Result "0-1"]
[WhiteElo "2106"]
[BlackElo "2524"]
[PlyCount "80"]
[EventDate "2007.09.01"]

1. e4 c6 2. d4 d5 3. exd5 cxd5 4. c4 dxc4 5. Bxc4 Qc7 6. Bb3 Bg4 7. f3 Bd7 8.
Ne2 e6 9. Nbc3 Bd6 10. Ne4 Nf6 11. Nxd6+ Qxd6 12. Bf4 Qb4+ 13. Bd2 Qb6 14. O-O
Nc6 15. Bc3 O-O 16. Kh1 Na5 17. Bxa5 Qxa5 18. Nc3 Bc6 19. Qe2 Rad8 20. Rfd1 Qb6
21. Qe5 Rd7 22. Qc5 Rfd8 23. Qxb6 axb6 24. Ne2 Bb5 25. Nc3 Bc6 26. Ne2 Bd5 27.
Rd3 g5 28. Rc1 Kg7 29. a3 Bc6 30. Bc4 h5 31. Rb3 Nd5 32. Bxd5 Rxd5 33. Rxb6 e5
34. dxe5 Rxe5 35. Nc3 Rd2 36. b4 Rc2 37. Rd1 Rxc3 38. a4 Bxa4 39. Rb1 Bc6 40.
Kg1 Rc2 0-1

[Event "XII Festival A"]
[Site "Cesenatico ITA"]
[Date "2007.09.01"]
[Round "1"]
[White "Klocker, Daniel"]
[Black "Popchev, Milko"]
[Result "0-1"]
[WhiteElo "2076"]
[BlackElo "2456"]
[PlyCount "60"]
[EventDate "2007.09.01"]

1. e4 c5 2. c3 a6 3. d4 cxd4 4. cxd4 d5 5. exd5 Nf6 6. Qa4+ Qd7 7. Qxd7+ Nbxd7
8. Nc3 b5 9. d6 e6 10. Bxb5 axb5 11. Nxb5 Nd5 12. Bd2 Ba6 13. Nc7+ Nxc7 14.
dxc7 Bd6 15. Rc1 Ke7 16. Nf3 Bb7 17. a3 Rhc8 18. O-O Bxf3 19. gxf3 Nb6 20. Rc6
Nd5 21. Rfc1 Kd7 22. R6c4 Ra7 23. h4 h5 24. Kf1 Raxc7 25. Rxc7+ Rxc7 26. Rxc7+
Kxc7 27. Ke2 Be7 28. Kd3 Bxh4 29. b4 Be7 30. Kc4 h4 0-1

[Event "XII Festival A"]
[Site "Cesenatico ITA"]
[Date "2007.09.01"]
[Round "1"]
[White "Levin, Felix"]
[Black "Simeone, Donato"]
[Result "1-0"]
[WhiteElo "2521"]
[BlackElo "2102"]
[PlyCount "81"]
[EventDate "2007.09.01"]

1. d4 d5 2. c4 e6 3. Nf3 Nf6 4. g3 Be7 5. Bg2 O-O 6. Qc2 b6 7. O-O Bb7 8. cxd5
exd5 9. Bf4 Na6 10. Nc3 c6 11. a3 Rc8 12. Rfd1 Nc7 13. Bh3 Ra8 14. Be5 Bc8 15.
Bg2 Ne6 16. b4 Bd7 17. b5 cxb5 18. Bxf6 Bxf6 19. Nxd5 Rc8 20. Qa2 Nc7 21. Nxf6+
Qxf6 22. Ne5 Be6 23. Qb2 Rcd8 24. Rac1 Nd5 25. Qxb5 Ne7 26. e4 Ng6 27. Nc6 Bd7
28. e5 Qg5 29. Qe2 Bxc6 30. Rxc6 Qe7 31. Rc3 Rc8 32. Rdc1 Rxc3 33. Rxc3 Rd8 34.
Qc4 h6 35. h4 b5 36. Qc5 Qe6 37. d5 Qg4 38. Bf3 Qf5 39. Qxb5 h5 40. Qd3 Qd7 41.
e6 1-0

[Event "XII Festival A"]
[Site "Cesenatico ITA"]
[Date "2007.09.01"]
[Round "1"]
[White "Mrdja, Milan"]
[Black "Kuran, Avelino"]
[Result "1-0"]
[WhiteElo "2385"]
[BlackElo "2069"]
[PlyCount "92"]
[EventDate "2007.09.01"]

1. e4 c5 2. Nf3 d6 3. d4 cxd4 4. Qxd4 Nc6 5. Bb5 Bd7 6. Bxc6 Bxc6 7. Nc3 Nf6 8.
Bg5 e6 9. O-O-O h6 10. Bh4 Be7 11. Rhe1 O-O 12. Kb1 Rc8 13. Qd3 d5 14. Bxf6
Bxf6 15. e5 Be7 16. Nd4 a6 17. f4 b5 18. f5 b4 19. Nce2 Bd7 20. Rf1 exf5 21.
Nxf5 Bxf5 22. Qxf5 Rc5 23. Nd4 Qc8 24. Qh5 a5 25. Nf5 Qe6 26. Qg4 Bg5 27. h4
Rc4 28. Qg3 g6 29. hxg5 gxf5 30. gxh6+ Rg4 31. h7+ Kxh7 32. Rh1+ Kg7 33. Qh3
Qg6 34. Rxd5 Rxg2 35. Rd6 Rg1+ 36. Rd1 Rxd1+ 37. Rxd1 Rh8 38. Qe3 Rh2 39. e6 f4
40. Qd4+ Kh7 41. e7 Qxc2+ 42. Ka1 Qe2 43. Rg1 Rg2 44. Rh1+ Kg6 45. Qh8 Qf2 46.
Qh7+ Kf6 1-0

[Event "XII Festival A"]
[Site "Cesenatico ITA"]
[Date "2007.09.01"]
[Round "1"]
[White "Naumkin, Igor"]
[Black "Raykhman, Alexander"]
[Result "0-1"]
[WhiteElo "2490"]
[BlackElo "2089"]
[PlyCount "62"]
[EventDate "2007.09.01"]

1. d4 Nf6 2. c4 g6 3. Nc3 Bg7 4. e4 d6 5. Nf3 O-O 6. Be2 e5 7. O-O Nc6 8. d5
Ne7 9. b4 Nh5 10. Re1 a5 11. bxa5 Rxa5 12. a4 f5 13. Ng5 Nf4 14. Bxf4 exf4 15.
Qd2 b6 16. exf5 Nxf5 17. Ne6 Bxe6 18. dxe6 Nd4 19. c5 dxc5 20. Qa2 Kh8 21. Bb5
Nxe6 22. Nd5 Nd4 23. Bd3 c6 24. Ne7 Ra7 25. Nxg6+ hxg6 26. Bxg6 Qg5 27. Be4 f3
28. g3 Ne2+ 29. Rxe2 fxe2 30. Re1 Raf7 31. Rxe2 Rxf2 0-1

[Event "XII Festival A"]
[Site "Cesenatico ITA"]
[Date "2007.09.01"]
[Round "1"]
[White "Ninov, Nikolai Ivanov"]
[Black "Rizzardi, Franco"]
[Result "1-0"]
[WhiteElo "2536"]
[BlackElo "2107"]
[PlyCount "85"]
[EventDate "2007.09.01"]

1. e4 e6 2. d4 d5 3. Nc3 Bb4 4. Nge2 Ne7 5. a3 Ba5 6. b4 Bb6 7. Bb2 O-O 8. g3
a5 9. Bg2 axb4 10. axb4 Rxa1 11. Qxa1 Nbc6 12. Na2 f6 13. O-O Bd7 14. Nf4 Nxd4
15. Bxd4 Bxd4 16. Qxd4 e5 17. Qd3 exf4 18. exd5 fxg3 19. hxg3 Bf5 20. Qb3 Kh8
21. c4 Ng6 22. Rd1 Re8 23. Nc3 Ne5 24. Nb5 Bg4 25. Rd4 Qd7 26. f3 Bh3 27. d6
Bxg2 28. Kxg2 cxd6 29. Nxd6 Ra8 30. c5 Qc6 31. Rd5 Qa6 32. b5 Qa1 33. Rd1 Qa2+
34. Qxa2 Rxa2+ 35. Kf1 Nxf3 36. Rd5 Rb2 37. Nxb7 h5 38. c6 Rc2 39. Rxh5+ Kg8
40. Rc5 Nd2+ 41. Ke1 Rxc5 42. Nxc5 Nc4 43. c7 1-0

[Event "XII Festival A"]
[Site "Cesenatico ITA"]
[Date "2007.09.01"]
[Round "1"]
[White "Salvador, Roland"]
[Black "Barazzetta, Massimo"]
[Result "1-0"]
[WhiteElo "2461"]
[BlackElo "2080"]
[PlyCount "75"]
[EventDate "2007.09.01"]

1. d4 c5 2. d5 e5 3. e4 d6 4. f4 exf4 5. Bxf4 Nf6 6. Nc3 a6 7. a4 b6 8. Bd3 Be7
9. Nf3 Bg4 10. O-O O-O 11. h3 Bxf3 12. Qxf3 Nbd7 13. Nd1 Ne5 14. Bxe5 dxe5 15.
Ne3 Ne8 16. Qe2 a5 17. Qh5 f6 18. Rf3 Nd6 19. Rg3 Rf7 20. Rf1 Bf8 21. Ng4 g6
22. Qh4 Bg7 23. Rgf3 f5 24. Nh6+ Bxh6 25. Qxh6 Raa7 26. exf5 e4 27. Bxe4 Nxe4
28. fxg6 Rxf3 29. Rxf3 Ng5 30. Rg3 hxg6 31. Rxg5 Rg7 32. Rxg6 Rxg6 33. Qxg6+
Kf8 34. d6 Qh4 35. Qf5+ Ke8 36. Qc8+ Kf7 37. Qc7+ Kg6 38. d7 1-0

[Event "XII Festival A"]
[Site "Cesenatico ITA"]
[Date "2007.09.02"]
[Round "2"]
[White "Andonov, Bogomil"]
[Black "Mauro, Alan"]
[Result "1-0"]
[WhiteElo "2383"]
[BlackElo "2195"]
[PlyCount "59"]
[EventDate "2007.09.01"]

1. d4 g6 2. c4 Bg7 3. Nf3 d6 4. Nc3 Nc6 5. d5 Na5 6. Bd2 c5 7. e4 Nf6 8. h3 O-O
9. Bd3 a6 10. O-O e6 11. b3 Rb8 12. a4 e5 13. Rb1 b6 14. b4 Nb7 15. b5 a5 16.
Ne2 Ne8 17. g4 h5 18. gxh5 Bxh3 19. Re1 Bg4 20. Ng3 Qf6 21. Be2 gxh5 22. Nh2
Bxe2 23. Qxe2 Bh6 24. Kh1 Bxd2 25. Qxd2 Ng7 26. Rg1 Kh7 27. Rb3 Qf4 28. Qe2 Qh6
29. Nxh5 Nxh5 30. Rh3 1-0

[Event "XII Festival A"]
[Site "Cesenatico ITA"]
[Date "2007.09.02"]
[Round "2"]
[White "Calzetta Ruiz, Monica"]
[Black "Scipioni, Gaetano"]
[Result "1-0"]
[WhiteElo "2278"]
[BlackElo "2121"]
[PlyCount "57"]
[EventDate "2007.09.01"]

1. e4 d6 2. d4 Nf6 3. Nc3 c6 4. f4 Qa5 5. Bd3 d5 6. e5 Ne4 7. Nge2 Nxc3 8. Nxc3
Na6 9. O-O Nb4 10. f5 Nxd3 11. Qxd3 e6 12. fxe6 Bxe6 13. Ne2 g6 14. Bg5 Bg7 15.
b4 Qc7 16. Nf4 Bf5 17. Qc3 O-O 18. Nxd5 Qd7 19. Nf6+ Bxf6 20. Bxf6 h5 21. Rf4
Kh7 22. Raf1 Rg8 23. h3 Qd5 24. Rh4 Be4 25. Qd2 a5 26. c4 Qxc4 27. Rxe4 axb4
28. e6 fxe6 29. Be5 1-0

[Event "XII Festival A"]
[Site "Cesenatico ITA"]
[Date "2007.09.02"]
[Round "2"]
[White "Gromovs, Sergejs"]
[Black "Novkovic, Julia"]
[Result "1-0"]
[WhiteElo "2368"]
[BlackElo "2144"]
[PlyCount "75"]
[EventDate "2007.09.01"]

1. d4 d5 2. Nf3 Nf6 3. c4 c6 4. Nc3 e6 5. Bg5 dxc4 6. e4 b5 7. e5 h6 8. Bh4 g5
9. Nxg5 hxg5 10. Bxg5 Nbd7 11. exf6 Bb7 12. g3 c5 13. d5 b4 14. dxe6 Ne5 15.
Bxc4 Qxd1+ 16. Rxd1 fxe6 17. Bb5+ Kf7 18. f4 Bxh1 19. fxe5 bxc3 20. Rd7+ Kg6
21. h4 Kf5 22. bxc3 Kxe5 23. f7 Be4 24. Ke2 a6 25. Bc4 Bh6 26. Be7 Kf5 27. Bxc5
Rhc8 28. g4+ Kxg4 29. Bxe6+ Kg3 30. Bf2+ Kg2 31. Bd4 Rab8 32. Bb3 Bc6 33. Rd6
Bb5+ 34. Ke1 Rc6 35. Bd5+ Kg3 36. Bxc6 Bc4 37. Be5+ Kg4 38. Rd4+ 1-0

[Event "XII Festival A"]
[Site "Cesenatico ITA"]
[Date "2007.09.02"]
[Round "2"]
[White "Hess, Christian Mathias"]
[Black "Gaiba, Paolo"]
[Result "0-1"]
[WhiteElo "2303"]
[BlackElo "2140"]
[PlyCount "84"]
[EventDate "2007.09.01"]

1. Nf3 c5 2. c4 Nc6 3. Nc3 Nf6 4. e3 g6 5. d4 b6 6. d5 Nb8 7. e4 d6 8. h3 Bg7
9. Be2 O-O 10. O-O Na6 11. Bf4 Nd7 12. Qd2 Re8 13. Bh6 Bh8 14. Ng5 Nc7 15. a4
a5 16. Rac1 Ba6 17. b3 Bb7 18. Kh1 f6 19. Nf3 Nf8 20. Rcd1 Bg7 21. Rfe1 g5 22.
Bxg7 Kxg7 23. h4 h6 24. hxg5 hxg5 25. Nxg5 Ng6 26. Nf3 Rh8+ 27. Kg1 Rh6 28. g3
Qd7 29. Bf1 Qg4 30. Bg2 Rah8 31. Qe3 Bc8 32. Ne2 Qh5 33. Nf4 Nxf4 34. Qxf4 Bg4
35. Nh4 Bxd1 36. Nf5+ Kf7 37. Nxh6+ Rxh6 38. e5 dxe5 39. Qd2 Bxb3 40. d6 Qh2+
41. Kf1 Bxc4+ 42. Re2 exd6 0-1

[Event "XII Festival A"]
[Site "Cesenatico ITA"]
[Date "2007.09.02"]
[Round "2"]
[White "Kanina, Adriatik"]
[Black "Hiermann, Dietmar"]
[Result "0-1"]
[WhiteElo "2130"]
[BlackElo "2278"]
[PlyCount "75"]
[EventDate "2007.09.01"]

1. d4 d5 2. Bf4 Nf6 3. e3 c6 4. Nf3 Bg4 5. h3 Bxf3 6. Qxf3 Qb6 7. Nd2 Qxb2 8.
Qd1 Qc3 9. Bd3 Nbd7 10. O-O e5 11. dxe5 Nxe5 12. Bxe5 Qxe5 13. Rb1 Bd6 14. Nf3
Qe7 15. c4 dxc4 16. Bxc4 O-O 17. Qb3 b5 18. Be2 a6 19. a4 Ne4 20. Qc2 Nc5 21.
a5 Rac8 22. Nd4 Qe5 23. g3 Rc7 24. Rfd1 g6 25. Rbc1 Qf6 26. Bf1 Na4 27. Nxc6
Ba3 28. Bg2 Bxc1 29. Rxc1 Rfc8 30. Bd5 Kg7 31. e4 Nb2 32. Qc3 Qxc3 33. Rxc3 Nc4
34. Nb4 Nxa5 35. Ra3 Nc6 36. Nxa6 Ra7 37. Ra2 Ne7 38. Nb4 0-1

[Event "XII Festival A"]
[Site "Cesenatico ITA"]
[Date "2007.09.02"]
[Round "2"]
[White "Kuran, Avelino"]
[Black "Savarese, Vincenzo"]
[Result "1-0"]
[WhiteElo "2069"]
[BlackElo "1857"]
[PlyCount "43"]
[EventDate "2007.09.01"]

1. e4 e6 2. d4 d5 3. Nc3 dxe4 4. Nxe4 Nd7 5. Nf3 Ngf6 6. Bg5 Be7 7. Bxf6 Nxf6
8. Bd3 O-O 9. Qe2 Nd5 10. g3 Nb4 11. Bc4 b6 12. c3 Nd5 13. O-O-O Bb7 14. h4 Nf6
15. Nxf6+ Bxf6 16. Bd3 Qd5 17. Ng5 Bxg5+ 18. hxg5 Qxg5+ 19. f4 Qa5 20. Bxh7+
Kh8 21. Rh5 Qxa2 22. Bb1+ 1-0